000 00362 a2200157 4500
001 47234
020 _a9788538046486 (broch.)
040 _cAnchieta - Aquarius
100 _aSilva, Júlio César
240 1 0 _aTruques de mágica
_l
245 1 0 _aTruques de mágica
300 _a64p.
362 0 _a2014
650 4 _aLiteratura infanto-juvenil
942 _cBK
999 _c47234
_d47234